000 00573nam a22002177a 4500
001 00028743
005 20260410113405.0
008 260410b ag ||||| |||| 00| 0 spa d
020 _a8425324661
040 _aAR-CcCEOS
_bspa
_cAR-CcCEOS
041 _aspa
080 _a820-3
090 _bPLA
100 1 _aPlaidy, Jean,
_d1906-1993
_91041
245 _aLa Dama de la Torre /
_cJean Plaidy
250 _a1ยช ed.
264 _aBarcelona :
_bGrijalbo,
_cc1992.
300 _a514 p. ;
_c24x15 cm.
655 0 _aliteratura inglesa
_vnovela
_9904
942 _2udc
_cBK
_n0
999 _c28778
_d28778